| Поле | Инд. | ПП | Название | Значение |
|---|---|---|---|---|
| Тип записи | a | |||
| Библиографический уровень | m | |||
| 001 | Контрольный номер | 40b1e2da787a477099df50a47d67b75e | ||
| 005 | Дата корректировки | 20260209092823.9 | ||
| 020 | a | ISBN | 978-5-907538-84-9 | |
| 040 | a | Служба первич. каталог. | НБ ТвГУ | |
| b | Код языка каталог. | rus | ||
| e | Правила каталог. | PSBO | ||
| 041 | 0_ | a | Код языка текста | rus |
| 080 | a | Индекс УДК | 373.2.036 | |
| 080 | a | Индекс УДК | 373.2.035.6 | |
| 080 | a | Индекс УДК | 745/749(470.5) | |
| 084 | a | Индекс другой классификации/Индекс ББК | Ч410.054.42 | |
| 084 | a | Индекс другой классификации/Индекс ББК | Щ12(235.55) | |
| 090 | a | Полочн. индекс | Ч410.0 | |
| x | Авторский знак | Б 93 | ||
| 097 | b | Оператор | Polyakova.IM | |
| 100 | 1_ | a | Автор | Бутенко Наталья Валентиновна |
| e | Роль лиц | Автор | ||
| 245 | 10 | a | Заглавие | Реализация регионального компонента в дошкольном образовании: декоративно-прикладное искусство Урала |
| b | Продолж. заглавия | монография | ||
| c | Ответственность | Н. В. Бутенко ; Южно-Уральский государственный гуманитарно-педагогический университет, Южно-Уральский научный центр Российской академии образования (РАО) | ||
| 246 | 05 | a | Другая форма заглавия | Implementation of the regional componentin preschool education: decorative and applied art of the Urals |
| 260 | c | Дата издания | 2022 | |
| a | Место издания | Челябинск | ||
| b | Издательство | Южно-Уральский научный центр РАО | ||
| 300 | a | Объем | 211 с. | |
| b | Иллюстрации/ тип воспроизводства | ил. | ||
| 520 | 0_ | a | Аннотация | Монография раскрывает содержание регионального компонента дошкольного образования на примере проектирования и реализации образовательной области «Художественно-эстетическое развитие» в процессе освоения декоративно-прикладного искусства Урала. В монографии целостно представлена история регионального декоративно-прикладного искусства, отличающегося особыми техниками, приёмами и выразительными художественными средствами, передающими «живительную силу» и неповторимую энергию ушедших поколений народных уральских мастеров. Представленный в монографии материал позволит педагогам образовательных организаций успешно формировать этнокультурной образованности детей дошкольного и младшего школьного возраста. В приложении монография авторскими методическими материалами и иллюстрациями освоению регионального искусства мастеров Урала в дошкольном и младшем школьном возрасте. Монография рекомендуется педагогам образовательных организаций и родителям, учителям начальных классов, студентам педагогических вузов и колледжей. |
| 653 | 0_ | a | Ключевые слова | Дошкольное образование |
| a | Ключевые слова | Дошкольная педагогика | ||
| a | Ключевые слова | Дошкольники | ||
| a | Ключевые слова | Эстетическое воспитание дошкольников | ||
| a | Ключевые слова | Эстетическое воспитание средствами искусства | ||
| a | Ключевые слова | Художественное развитие ребенка | ||
| a | Ключевые слова | Художественно-творческое развитие | ||
| a | Ключевые слова | Эстетическое развитие дошкольников | ||
| a | Ключевые слова | Этнокультурное развитие | ||
| a | Ключевые слова | Этнокультурное воспитание | ||
| a | Ключевые слова | Декоративно-прикладное искусство Урала | ||
| a | Ключевые слова | Художественная культура Урала | ||
| a | Ключевые слова | Региональное образование | ||
| a | Ключевые слова | Урал | ||
| 700 | 12 | a | Другие авторы | Коломийченко Людмила Владимировна |
| e | Роль лиц | Рецензент | ||
| 700 | 12 | a | Другие авторы | Филиппова Оксана Геннадьевна |
| e | Роль лиц | Рецензент | ||
| 710 | 12 | a | Организация/ юрисдикция | Южно-Уральский государственный гуманитарно-педагогический университет |
| 710 | 12 | a | Организация/ юрисдикция | Южно-Уральский научный центр Российской академии образования |
| 901 | t | Тип документа | m | |
| 920 | a | Оператор | Поля | |
| a | Оператор | Лиси | ||
| 930 | a | Новая/Ретро | новая | |
| 952 | c | Вид литературы | К рн | |
| 954 | b | Дата поступления в ОК | 20260204 | |
| a | Дата поступления на обработку | 20260209 |